2012 koniec a nový začiatok posolstvo Mayov

Bibliographic Details
Main Author: Langbein, Walter-Jörg, 1954- (Author)
Format: Book
Language:Slovak
German
PhysicalDescription:238 s. 21 cm
Published: Bratislava Ikar 2010
ISBN:9788055123356
Edition:[1. vyd.]
Series:Záhady
Subjects:

MARC

LEADER 00000cam a2200000 a 4500
001 vtls010198588
003 SK-MaSNL
005 20260301031327.0
008 240313s2010 xo d 000 0 slo
015 |a SNBA2011/02-01082 
020 |a 9788055123356  |q (viaz.) 
035 |a E427D09F-9EA3-4FAC-8710-363CF21C810A 
035 |a urn:nbn:sk:snk-amlevh 
035 |a urn:nbn:sk:snk-am008yw9 
040 |a SNK  |b slo  |c SNK  |e AACR2 
041 1 |a slo  |h ger 
044 |a xo  |c SK 
072 7 |a 133  |x Okultizmus  |2 konspekt 
080 |a 113  |2 2001 
080 |a (0.062)  |2 2001 
080 |a (=821.173)  |2 2001 
080 |a 52 (=821.173)  |2 2001 
080 |a 006.951(=821.173)  |2 2001 
080 |a 008"73"  |2 2001 
080 |a 133.529  |2 2001 
080 |a 2-534.6  |2 2001 
100 1 |a Langbein, Walter-Jörg,  |d 1954-  |4 aut  |9 326618 
240 1 0 |a 2012 - Endzeit und Neuanfang  |l Slovensky 
245 1 0 |a 2012 koniec a nový začiatok  |b posolstvo Mayov  |c [Walter-Jörg Langbein ; z nemeckého originálu preložila Katarína Széherová] 
246 3 |a Dvetisíc dvanásť koniec a nový začiatok 
246 3 |a Zweitausendzwölf - Endzeit und Neuanfang 
250 |a [1. vyd.] 
260 |a Bratislava  |b Ikar  |c 2010 
300 |a 238 s.  |c 21 cm 
490 1 |a Záhady 
504 |a Pozn. 
648 7 |a 2012  |2 SNKPH  |9 326619 
650 0 7 |a koniec sveta  |2 SNKPH  |9 22708 
650 0 7 |a Mayovia  |2 SNKPH  |9 23276 
650 0 7 |a mayská astronómia  |2 SNKPH  |9 326620 
650 0 7 |a mayský kalendár  |2 SNKPH  |9 326621 
650 0 7 |a civilizačné cykly  |2 SNKPH  |9 110965 
650 0 7 |a proroctvá  |2 SNKPH  |9 1964 
655 7 |a populárno-náučné publikácie  |2 SNKPH  |9 70460 
830 0 |a Záhady  |9 326622 
919 |a 978-80-551-2335-6 
958 |a OND 
958 |a OP 
968 |b DT  |d 1 
999 |c 576409  |d 578339 
952 |a SNK  |b SNK  |y PREZ  |7 0  |p 17A0682811  |o snkSC 143286  |i snk2010/27890  |8 0  |0 0  |1 0  |4 0  |d 2010-12-16  |l 0  |r 2025-07-11 00:00:00  |w 2026-02-23 
952 |a SNK  |b SNK  |y VYP  |7 0  |p 17A0685578  |o snkSC 143286 D1  |i snk2011/1075  |8 0  |0 0  |1 0  |4 0  |d 2011-01-17  |f 1  |l 0  |r 2026-02-23 14:33:17  |w 2026-02-23